| 000 | 00530nam a2200193 a 4500 | ||
|---|---|---|---|
| 005 | 20240924071200.0 | ||
| 008 | 991125s1989 es 000 0 spa u | ||
| 020 | _a8439714777 | ||
| 035 | _aUPN01000035524 | ||
| 049 | _aCG | ||
| 050 | 4 |
_aPZ74 _bC3.5 |
|
| 100 | 1 | _aCamps Perarnau, Susana | |
| 245 | 1 | 3 |
_aLa literatura fantástica y la fantasÃa / _cSusana Camps Perarnau. |
| 260 |
_aMadrid : _bMondadori, _c1989. |
||
| 300 |
_a188 p. : _bil. |
||
| 440 | 0 |
_aQuestio ; _v9 |
|
| 650 | 4 |
_aLiteratura infantil _94445 |
|
| 905 | _aLibro | ||
| 999 |
_c35524 _d35524 |
||